| 000 | nam a22 4500 | ||
|---|---|---|---|
| 999 |
_c30048 _d30048 |
||
| 008 | 190130b xxu||||| |||| 00| 0 eng d | ||
| 022 | _a0035-9203(Print). | ||
| 022 | _a1878-3503 (Online). | ||
| 245 | _aTransactions of the Royal Society of tropical medicine and hygiene/ | ||
| 260 |
_aLondon : _b Royal Society of Tropical Medicine and Hygiene Amsterdam, Elsevier, _c2018. |
||
| 300 |
_a97-153p. : _bill. ; _c28 cm. |
||
| 440 |
_aTransactions of the Royal Society of tropical medicine and hygiene _vVol. 112 No. 3. |
||
| 650 | _aTropical medicine. | ||
| 650 | _aHygiene. | ||
| 942 |
_2lcc _cPERIODICAL _hRC 960 .T73 2018 |
||